A history of early medieval and medieval India 650-1556 / (Record no. 78502)

MARC details
000 -LEADER
fixed length control field 00609nam a22001937a 4500
005 - DATE AND TIME OF LATEST TRANSACTION
control field 20130911152306.0
010 ## - LCCN (DPL NO)
LC control number ENG-108305
020 ## - INTERNATIONAL STANDARD BOOK NUMBER
Terms of availability 400.00
International Standard Book Number 9789380036489
035 ## - SYSTEM CONTROL NUMBER
System control number EN-91838
037 ## - SOURCE OF ACQUISITION
Source of stock number/acquisition DBAD/PUB
082 ## - DEWEY DECIMAL CLASSIFICATION NUMBER
Classification number 954.02
100 ## - MAIN ENTRY--PERSONAL NAME
Personal name Mukhopadhyay, Subodh Kumar
245 ## - TITLE STATEMENT
Title A history of early medieval and medieval India 650-1556 /
Statement of responsibility, etc by Subodh Kumar Mukhopadhyay
260 ## - PUBLICATION, DISTRIBUTION, ETC. (IMPRINT)
Place of publication, distribution, etc Kolkata
Name of publisher, distributor, etc Mitram
Date of publication, distribution, etc 2013
270 ## - ADDRESS
Address 37A,College Street,
City Kolkata
Postal code 73
300 ## - PHYSICAL DESCRIPTION
Extent 671p.
Dimensions 23cm(pbk)
500 ## - GENERAL NOTE
General note Includes bibliographical references and index
942 ## - ADDED ENTRY ELEMENTS (KOHA)
Source of classification or shelving scheme Dewey Decimal Classification
Item type English Books
Call number suffix MUK
Classification part 954.02
Holdings
Withdrawn status Lost status Not for loan Collection code Home library Current library Date acquired Source of acquisition Cost, normal purchase price Full call number Barcode Copy number Cost, replacement price Koha item type
    Not For Loan Non-fiction D.B.Act.Division D.B.Act.Division 08/08/2013 DBAD/PUB 400.00 954.02 MUK EN-91838 1 400.00 English Books

© Delhi Public Library
Hit Counter
free hit counter